Schedule of basic plant charges (Record no. 110918)
[ view plain ]
| 000 -LEADER | |
|---|---|
| fixed length control field | 01183cam a22002535a 4500 |
| 001 - CONTROL NUMBER | |
| control field | E150595 |
| 008 - FIXED-LENGTH DATA ELEMENTS--GENERAL INFORMATION | |
| fixed length control field | 100803s2010 xxk 000 0 eng u |
| 020 ## - INTERNATIONAL STANDARD BOOK NUMBER | |
| International Standard Book Number | 9781907196058 |
| 035 ## - SYSTEM CONTROL NUMBER | |
| System control number | (Sirsi) u150595 |
| 041 ## - LANGUAGE CODE | |
| Language code of text/sound track or separate title | eng |
| 050 ## - LIBRARY OF CONGRESS CALL NUMBER | |
| Classification number | 692.8 $2 18 |
| 110 ## - MAIN ENTRY--CORPORATE NAME | |
| Corporate name or jurisdiction name as entry element | Building Cost Information Service |
| 9 (RLIN) | 1096 |
| 245 00 - TITLE STATEMENT | |
| Title | Schedule of basic plant charges |
| Remainder of title | for use in connection with daywork under a building contract |
| 250 ## - EDITION STATEMENT | |
| Edition statement | 6th ed. |
| 260 ## - PUBLICATION, DISTRIBUTION, ETC. | |
| Place of publication, distribution, etc. | London |
| Name of publisher, distributor, etc. | BCIS |
| Date of publication, distribution, etc. | 2010 |
| 300 ## - PHYSICAL DESCRIPTION | |
| Extent | 21p. |
| Dimensions | 21cm. |
| 505 2# - FORMATTED CONTENTS NOTE | |
| Formatted contents note | Explanatory notes -- Pumps -- Scaffolding, shoring, fencing -- Lifting appliances and conveyors -- Construction vehicles -- Excavators and loaders -- Compaction equipment -- Concrete equipment -- Testing equipment -- Site accommodation and temporary services -- Site equipment -- Small tools -- Subject index |
| 520 ## - SUMMARY, ETC. | |
| Summary, etc. | Came into effect 1 July 2010. Revised and extended to reflect the types of plant likely to be available on a building site. The Schedule has been reordered into Uniclass Table M - Construction Aids order. |
| 521 ## - TARGET AUDIENCE NOTE | |
| Target audience note | Advanced |
| 590 ## - LOCAL NOTE (RLIN) | |
| Local note | KA |
| 651 #4 - SUBJECT ADDED ENTRY--GEOGRAPHIC NAME | |
| Geographic name | United Kingdom |
| Chronological subdivision | |
| 690 ## - LOCAL SUBJECT ADDED ENTRY--TOPICAL TERM (OCLC, RLIN) | |
| Topical term or geographic name as entry element | BUILT ENVIRONMENT-BUILDING COSTS |
| 942 ## - ADDED ENTRY ELEMENTS (KOHA) | |
| Suppress in OPAC | 0 |
| Withdrawn status | Lost status | Damaged status | Not for loan | Home library | Current library | Shelving location | Date acquired | Total Checkouts | Full call number | Barcode | Date last seen | Copy number | Price effective from | Koha item type | Public note |
|---|---|---|---|---|---|---|---|---|---|---|---|---|---|---|---|
| London | London | Books | 22/10/2010 | 692.8 BUI | 30075482 | 29/08/2025 | 2 | 06/08/2019 | Book | ||||||
| London | London | RICS Boxes | 22/10/2010 | RICS 2010/27 | 30075483 | 29/08/2025 | 3 | 06/08/2019 | Archive | ||||||
| London | London | Missing | 06/06/2011 | RICS 2010/27 | 30075480 | 06/08/2019 | 1 | 06/08/2019 | Archive | ||||||
| Virtual | Virtual | Online | 29/08/2025 | SCAN | 29/08/2025 | 4 | 29/08/2025 | Online material | Please contact [email protected] to request a digital copy (fees apply for non-members) |